[Event "Titled Tuesday intern op 03rd Jan Late"]
[Site "Chess.com INT"]
[Date "2025.06.03"]
[Round "2"]
[White "Tayar, Jonathan"]
[Black "Vifleemskaia, Svetlana"]
[Result "1-0"]
[WhiteElo "2325"]
[BlackElo "1942"]
[PlyCount "59"]
[EventDate "2025.06.03"]
[EventType "swiss (blitz)"]
[EventRounds "11"]
[EventCountry "USA"]
[SourceTitle "CB24_2025"]
[SourceDate "2025.06.11"]
[SourceVersion "1"]
[SourceVersionDate "2025.06.11"]
[SourceQuality "1"]

1. e4 e5 2. Nf3 Nc6 3. Nc3 Nf6 4. d4 exd4 5. Nd5 Bb4+ 6. Nxb4 Nxb4 7. e5 Qe7 8. Be2 Ne4 9. 0-0 0-0 10. Qxd4 d5 11. exd6 Nxd6 12. Bd1 Nc6 13. Qa4 Qe4 14. Qa3 h6 15. Re1 Qb4 16. Qxb4 Nxb4 17. a3 Nc6 18. b3 Bf5 19. Bb2 Rfe8 20. Rxe8+ Rxe8 21. Kf1 f6 22. Rc1 Ne4 23. h3 Kf7 24. Be2 a6 25. Bd3 Nd6 26. Be2 Ne4 27. Nh4 Be6 28. Bh5+ Kf8 29. Bxe8 Kxe8 30. Re1 1-0

[Event "Titled Tuesday intern op 20th May Late"]
[Site "Chess.com INT"]
[Date "2025.05.20"]
[Round "3"]
[White "Saidov, Bilukhadzh"]
[Black "Tayar, Jonathan"]
[Result "1-0"]
[WhiteElo "2309"]
[BlackElo "2325"]
[PlyCount "85"]
[EventDate "2025.05.20"]
[EventType "swiss (blitz)"]
[EventRounds "11"]
[EventCountry "USA"]
[SourceTitle "CB22_2025"]
[SourceDate "2025.05.28"]
[SourceVersion "1"]
[SourceVersionDate "2025.05.28"]
[SourceQuality "1"]

1. d4 Nf6 2. Nf3 g6 3. Nc3 d5 4. Bg5 Bg7 5. Bxf6 Bxf6 6. e4 c6 7. Bd3 Bg7 8. h3 0-0 9. Qe2 e6 10. 0-0 b6 11. Rad1 a5 12. Rfe1 Ba6 13. Bxa6 Nxa6 14. a3 Qb8 15. Qd3 Qb7 16. Ne2 c5 17. exd5 Qxd5 18. c4 Qb7 19. d5 exd5 20. cxd5 b5 21. Nc3 c4 22. Qc2 Rfd8 23. d6 Nc5 24. Nd4 Rxd6 25. Ndxb5 Rd3 26. Nd6 Qa6 27. Nde4 Nxe4 28. Nxe4 Rad8 29. Rc1 Qb5 30. Qxc4 Qxb2 31. Nc5 R3d4 32. Qc2 Qxa3 33. Re2 R4d5 34. Ne4 Bd4 35. Rce1 Qb4 36. Qa2 a4 37. Kh1 Qb3 38. Qd2 a3 39. Qa2 Qxa2 40. Rxa2 Bb2 41. Rb1 Kg7 42. Kh2 R8d7 43. Raxb2 1-0

[Event "Titled Tuesday intern op 20th May Late"]
[Site "Chess.com INT"]
[Date "2025.05.20"]
[Round "2"]
[White "Tayar, Jonathan"]
[Black "Ahmad, Khagan"]
[Result "0-1"]
[WhiteElo "2325"]
[BlackElo "2405"]
[PlyCount "148"]
[EventDate "2025.05.20"]
[EventType "swiss (blitz)"]
[EventRounds "11"]
[EventCountry "USA"]
[SourceTitle "CB22_2025"]
[SourceDate "2025.05.28"]
[SourceVersion "1"]
[SourceVersionDate "2025.05.28"]
[SourceQuality "1"]

1. e4 e5 2. Nf3 Nc6 3. Nc3 Nf6 4. d4 exd4 5. Nd5 Nxe4 6. Qe2 f5 7. Ng5 Be7 8. Nxe4 fxe4 9. Qxe4 d6 10. Bb5 0-0 11. Bxc6 Bh4 12. 0-0 bxc6 13. Nb4 Bf5 14. Qxd4 c5 15. Qc4+ Kh8 16. Nd3 Bf6 17. Rb1 Rb8 18. b3 Qe8 19. Bb2 Qe4 20. Qa6 Bc8 21. Qxa7 Bb7 22. f3 Qe3+ 23. Kh1 Bxb2 24. Nxb2 Qc3 25. Nc4 Qxc2 26. Qa5 Rbc8 27. Qb5 Ba8 28. Qd7 Qg6 29. Qh3 Qh6 30. Qg3 Qg6 31. Qh4 Rce8 32. Rbd1 Bc6 33. Rg1 h6 34. Qf2 Kh7 35. a4 Rf7 36. Ra1 Ref8 37. Nd2 Qd3 38. a5 Qa6 39. Rge1 Bd5 40. Qe3 Rf4 41. Qc3 Rd4 42. Qc2+ Qd3 43. Qxd3+ Rxd3 44. Nf1 Rxb3 45. Ne3 Bc6 46. a6 Ra8 47. Ng4 Rb6 48. a7 Rb7 49. Re7 Rbxa7 50. Rae1 Ra1 51. h4 Rxe1+ 52. Rxe1 h5 53. Nf2 c4 54. Re7 c3 55. Rxc7 c2 56. Rxc6 Ra1+ 57. Kh2 c1Q 58. Rxc1 Rxc1 59. Nh3 g6 60. Ng5+ Kg7 61. Kg3 d5 62. Kf4 Kf6 63. Nh7+ Ke6 64. Ng5+ Kd6 65. Nf7+ Ke7 66. Ne5 Kf6 67. Nd7+ Kg7 68. Ke5 Rc2 69. g4 hxg4 70. fxg4 Rd2 71. h5 d4 72. hxg6 Re2+ 73. Kf4 d3 74. Ne5 Rxe5 0-1

[Event "Titled Tuesday intern op 01st Nov Late"]
[Site "Chess.com INT"]
[Date "2022.11.01"]
[Round "5"]
[White "Matinian, Nikita"]
[Black "Tayar, Jonathan"]
[Result "0-1"]
[WhiteElo "2425"]
[BlackElo "2344"]
[PlyCount "84"]
[EventDate "2022.11.01"]
[EventType "swiss (blitz)"]
[EventRounds "11"]
[EventCountry "USA"]
[SourceTitle "EXT 2024"]
[Source "ChessBase"]
[SourceDate "2023.10.10"]
[SourceVersion "1"]
[SourceVersionDate "2023.10.10"]
[SourceQuality "1"]

1. e4 c5 2. Nf3 d6 3. d4 Nf6 4. Nc3 cxd4 5. Nxd4 a6 6. Bg5 e6 7. f4 Be7 8. Qf3 Qc7 9. g4 Nbd7 10. 0-0-0 h6 11. Bxf6 Bxf6 12. h4 Qb6 13. Nb3 g5 14. hxg5 hxg5 15. Rxh8+ Bxh8 16. Qh3 Bf6 17. e5 dxe5 18. Ne4 exf4 19. Qh7 Ke7 20. Bc4 Nf8 21. Qg8 Qe3+ 22. Nbd2 Bd7 23. Nxg5 Be8 24. Ngf3 Bc6 25. Re1 Qb6 26. c3 Bxf3 27. Nxf3 Qf2 28. Rf1 Qe3+ 29. Kc2 Rc8 30. g5 Bxc3 31. bxc3 Rxc4 32. Qg7 Ng6 33. Qf6+ Kd6 34. Rd1+ Kc6 35. Nd4+ Kb6 36. Rd3 Qe4 37. Qxf7 Qxd3+ 38. Kxd3 Ne5+ 39. Ke4 Nxf7 40. g6 Nh6 41. g7 Rxc3 42. Nxe6 Re3+ 0-1

[Event "Titled Tuesday intern op 25th Oct Late"]
[Site "Chess.com INT"]
[Date "2022.10.25"]
[Round "4"]
[White "Tayar, Jonathan"]
[Black "Brown, Andrew"]
[Result "0-1"]
[WhiteElo "2344"]
[BlackElo "2279"]
[PlyCount "120"]
[EventDate "2022.10.25"]
[EventType "swiss (blitz)"]
[EventRounds "11"]
[EventCountry "USA"]
[SourceTitle "EXT 2024"]
[Source "ChessBase"]
[SourceDate "2023.10.10"]
[SourceVersion "1"]
[SourceVersionDate "2023.10.10"]
[SourceQuality "1"]

1. e4 g6 2. d4 Bg7 3. Nc3 c6 4. Bc4 d6 5. Qf3 e6 6. Nge2 d5 7. Bb3 h5 8. h4 Nh6 9. Bg5 Qb6 10. 0-0-0 0-0 11. Kb1 a5 12. a3 Nd7 13. Qf4 Kh7 14. f3 dxe4 15. fxe4 Ng4 16. Be7 Bh6 17. Qf3 Kg7 18. Rhf1 f5 19. Bxf8+ Nxf8 20. exf5 exf5 21. Qg3 Be6 22. d5 Bf7 23. Nf4 Qe3 24. Rf3 Bxf4 25. Qxf4 Qxf4 26. Rxf4 c5 27. d6 Bxb3 28. cxb3 Rd8 29. Rd5 Ne6 30. Rf1 Nf6 31. Rxc5 Nxc5 32. b4 axb4 33. axb4 Nd3 34. b5 Rxd6 35. Rf3 Nc5 36. Kc2 Nfe4 37. b4 Rd2+ 38. Kc1 Nb3+ 39. Kb1 Nd4 40. Re3 Nxc3+ 41. Rxc3 Rxg2 42. Rc7+ Kf6 43. Rxb7 Rg4 44. b6 Ne6 45. b5 Rb4+ 46. Kc2 Rxb5 47. Rb8 f4 48. Kd2 Ke5 49. Ke2 Ke4 50. Kf2 Rb2+ 51. Kg1 Nd4 52. Re8+ Kf3 53. b7 Rxb7 54. Re1 Ne2+ 55. Kh2 Ng3 56. Kh3 Kf2 57. Rc1 f3 58. Rc2+ Ne2 59. Rc6 Rb1 60. Rxg6 Rh1# 0-1

[Event "Titled Tuesday intern op 25th Oct Late"]
[Site "Chess.com INT"]
[Date "2022.10.25"]
[Round "1"]
[White "Tayar, Jonathan"]
[Black "Rose, Felix"]
[Result "1-0"]
[WhiteElo "2344"]
[BlackElo "2091"]
[PlyCount "61"]
[EventDate "2022.10.25"]
[EventType "swiss (blitz)"]
[EventRounds "11"]
[EventCountry "USA"]
[SourceTitle "EXT 2024"]
[Source "ChessBase"]
[SourceDate "2023.10.10"]
[SourceVersion "1"]
[SourceVersionDate "2023.10.10"]
[SourceQuality "1"]

1. e4 e5 2. Nf3 Nc6 3. Bc4 Nf6 4. Ng5 d5 5. exd5 Na5 6. Bb5+ c6 7. dxc6 bxc6 8. Qf3 Be7 9. Bd3 0-0 10. Bf5 h6 11. Ne4 Nd5 12. Ng3 Nc4 13. 0-0 Nd6 14. Bxc8 Qxc8 15. Nc3 Nb4 16. Qd1 f5 17. a3 Nd5 18. d4 e4 19. f3 e3 20. f4 Nc4 21. Qd3 Nxc3 22. Qxc4+ Nd5 23. Bxe3 Kh8 24. Bd2 Bd6 25. Rae1 Qc7 26. Re6 Nxf4 27. Rxd6 Qxd6 28. Bxf4 Qd5 29. Qxd5 cxd5 30. Be5 Rab8 31. Bxb8 1-0

[Event "Titled Tuesday intern op 11th Oct Late"]
[Site "Chess.com INT"]
[Date "2022.10.11"]
[Round "3"]
[White "Shohat, Yotam"]
[Black "Tayar, Jonathan"]
[Result "0-1"]
[WhiteElo "2299"]
[BlackElo "2344"]
[PlyCount "104"]
[EventDate "2022.10.11"]
[EventType "swiss (blitz)"]
[EventRounds "11"]
[EventCountry "USA"]
[SourceTitle "EXT 2024"]
[Source "ChessBase"]
[SourceDate "2023.10.10"]
[SourceVersion "1"]
[SourceVersionDate "2023.10.10"]
[SourceQuality "1"]

1. e4 c5 2. Nf3 d6 3. Bb5+ Bd7 4. Bxd7+ Qxd7 5. 0-0 Nc6 6. c3 Nf6 7. d4 cxd4 8. cxd4 d5 9. e5 Ne4 10. Ne1 h6 11. f3 Ng5 12. Be3 Ne6 13. f4 g6 14. Nc3 Ng7 15. Nf3 Rc8 16. Bf2 e6 17. Bh4 g5 18. fxg5 Nf5 19. g6 fxg6 20. Bf6 Bg7 21. Bxg7 Qxg7 22. Qd3 a6 23. Rf2 0-0 24. Raf1 Rf7 25. Ne2 g5 26. g4 Nfe7 27. Ng3 Qg6 28. Qd1 Rcf8 29. Nh5 Qe4 30. Nf6+ Rxf6 31. exf6 Rxf6 32. Nxg5 Qe3 33. Nf3 Ng6 34. Qd2 Rxf3 35. Qxe3 Rxe3 36. Rd1 Kg7 37. Rff1 Re4 38. h3 Nxd4 39. Kg2 Nf4+ 40. Kg3 e5 41. Rfe1 Nfe2+ 42. Kf2 Kg6 43. Rd2 Kg5 44. b3 Kh4 45. Rd3 Rf4+ 46. Kg2 Re4 47. Kf2 Nf4 48. Rxe4 Nxd3+ 49. Ke3 dxe4 50. Kxe4 Kxh3 51. Kxd3 Kxg4 52. Ke4 h5 0-1

[Event "Titled Tuesday intern op 13th Sep Late"]
[Site "Chess.com INT"]
[Date "2022.09.13"]
[Round "2"]
[White "Tayar, Jonathan"]
[Black "Keymer, Vincent"]
[Result "0-1"]
[WhiteElo "2344"]
[BlackElo "2693"]
[PlyCount "50"]
[EventDate "2022.09.13"]
[EventType "swiss (blitz)"]
[EventRounds "11"]
[EventCountry "USA"]
[SourceTitle "EXT 2023"]
[Source "ChessBase"]
[SourceDate "2022.10.05"]
[SourceVersion "1"]
[SourceVersionDate "2022.10.05"]
[SourceQuality "1"]

1. e4 c6 2. d4 d5 3. f3 Qb6 4. Nc3 dxe4 5. fxe4 e5 6. dxe5 Be6 7. Nf3 Nd7 8. Bd3 0-0-0 9. Qe2 Ne7 10. a4 a5 11. Bd2 Ng6 12. Ng5 Ndxe5 13. Nxe6 fxe6 14. Rb1 Bc5 15. Rf1 Nxd3+ 16. cxd3 Ne5 17. Rf3 Nxf3+ 18. gxf3 Bd4 19. Kf1 Qc5 20. Kg2 Rhf8 21. Rc1 Qh5 22. Nb5 Be5 23. h3 Rf6 24. Rh1 Rdf8 25. d4 Rxf3 0-1

[Event "Titled Tuesday intern op 13th Sep Late"]
[Site "Chess.com INT"]
[Date "2022.09.13"]
[Round "7"]
[White "Xiong, Jeffery"]
[Black "Tayar, Jonathan"]
[Result "1-0"]
[WhiteElo "2690"]
[BlackElo "2344"]
[PlyCount "81"]
[EventDate "2022.09.13"]
[EventType "swiss (blitz)"]
[EventRounds "11"]
[EventCountry "USA"]
[SourceTitle "EXT 2023"]
[Source "ChessBase"]
[SourceDate "2022.10.05"]
[SourceVersion "1"]
[SourceVersionDate "2022.10.05"]
[SourceQuality "1"]

1. c4 g6 2. d4 Bg7 3. e4 d6 4. Nc3 Nf6 5. Be2 0-0 6. Be3 c6 7. Nf3 e5 8. d5 Ng4 9. Bg5 f6 10. Bh4 h5 11. Nd2 Nh6 12. f3 c5 13. a3 a5 14. b4 axb4 15. axb4 Rxa1 16. Qxa1 cxb4 17. Nb5 Na6 18. 0-0 Bd7 19. Bf2 Nf7 20. Rc1 Qe7 21. Qa5 Rc8 22. Na7 Ra8 23. Qb6 Be8 24. Nb3 Bh6 25. Ra1 f5 26. c5 Nxc5 27. Nxc5 dxc5 28. Qxg6+ Kh8 29. exf5 b3 30. f6 Qf8 31. Qb1 Qd6 32. Qxb3 b6 33. Ra6 Rb8 34. Nc6 Bxc6 35. dxc6 Qxf6 36. c7 Rc8 37. Rxb6 Qe7 38. Rb8 Qxc7 39. Rxc8+ Qxc8 40. Qxf7 Bg7 41. Qxh5+ 1-0

[Event "Titled Tuesday intern op 28th Apr"]
[Site "Chess.com INT"]
[Date "2020.04.28"]
[Round "3"]
[White "Tayar, Jonathan"]
[Black "Nilsson, Joakim"]
[Result "0-1"]
[WhiteElo "2344"]
[BlackElo "2215"]
[PlyCount "126"]
[EventDate "2020.04.28"]
[EventType "swiss (blitz)"]
[EventRounds "10"]
[EventCountry "USA"]
[SourceTitle "EXT 2021"]
[Source "ChessBase"]
[SourceDate "2020.10.23"]
[SourceVersion "1"]
[SourceVersionDate "2020.10.23"]
[SourceQuality "1"]

1. e4 c6 2. d4 d5 3. exd5 cxd5 4. c4 Nf6 5. Nc3 g6 6. cxd5 Nxd5 7. Bc4 Nb6 8. Bb3 Bg7 9. Nf3 0-0 10. a4 Bg4 11. a5 Nc8 12. Be3 Nd6 13. h3 Bxf3 14. Qxf3 Nc6 15. a6 Nxd4 16. Bxd4 Bxd4 17. axb7 Rb8 18. Rd1 Bg7 19. 0-0 Qb6 20. Bd5 Qxb2 21. Ne4 Nf5 22. Nc5 Nd4 23. Qe4 e6 24. Bc6 Ne2+ 25. Kh1 Nc3 26. Qc4 Nxd1 27. Rxd1 Qxf2 28. Nd7 Qg3 29. Qg4 Qxg4 30. hxg4 Rfd8 31. Rb1 Bd4 32. Nxb8 Rxb8 33. Bd7 Kf8 34. Bc8 Ke7 35. Rd1 e5 36. Kh2 Kd8 37. Kg3 Rxc8 38. bxc8Q+ Kxc8 39. Kf3 Kd7 40. Ke4 Ke6 41. Rd2 f5+ 42. gxf5+ gxf5+ 43. Kd3 Kf6 44. Ra2 Kg5 45. Ra6 h5 46. Ke2 Bb6 47. Ra4 e4 48. Kf1 Kg4 49. Rc4 h4 50. Rc8 Kf4 51. Rg8 e3 52. Re8 Kg3 53. Rg8+ Kf4 54. Rg6 Ke4 55. Ke2 f4 56. Rg5 h3 57. gxh3 f3+ 58. Kf1 e2+ 59. Ke1 Bd4 60. Rg4+ Ke3 61. Rxd4 Kxd4 62. Kf2 Ke5 63. h4 Kf5 0-1

[Event "PNWCC Online blitz JP 2nd"]
[Site "Chess.com INT"]
[Date "2020.03.21"]
[Round "3"]
[White "Preotu, Razvan"]
[Black "Tayar, Jonathan"]
[Result "1-0"]
[WhiteElo "2487"]
[BlackElo "2344"]
[PlyCount "57"]
[EventDate "2020.03.21"]
[EventType "swiss (blitz)"]
[EventRounds "11"]
[EventCountry "USA"]
[SourceTitle "CBM 195 Extra"]
[Source "ChessBase"]
[SourceDate "2020.05.31"]
[SourceVersion "1"]
[SourceVersionDate "2020.05.31"]
[SourceQuality "1"]

1. e4 c5 2. Nf3 d6 3. Bb5+ Nc6 4. 0-0 Bd7 5. Re1 Nf6 6. c3 a6 7. Bf1 Bg4 8. d3 e6 9. Nbd2 Be7 10. a4 Qc7 11. Nc4 0-0 12. h3 Bh5 13. Bf4 b5 14. Ncd2 Nd7 15. axb5 axb5 16. Qb3 Rxa1 17. Rxa1 Rb8 18. d4 e5 19. Be3 c4 20. Qa2 Bxf3 21. Nxf3 h6 22. b3 cxb3 23. Qxb3 b4 24. d5 Na5 25. Qa4 Nc4 26. Bxc4 Qxc4 27. Qxd7 Bf6 28. Qxd6 Rd8 29. Qxb4 1-0

[Event "Birmingham op"]
[Site "Birmingham"]
[Date "2020.02.22"]
[Round "3"]
[White "Tayar, Jonathan"]
[Black "Yao, Lan"]
[Result "1-0"]
[WhiteElo "2344"]
[BlackElo "2297"]
[PlyCount "73"]
[EventDate "2020.02.22"]
[EventType "team-swiss"]
[EventRounds "5"]
[EventCountry "ENG"]
[SourceTitle "CBM 195 Extra"]
[Source "ChessBase"]
[SourceDate "2020.05.31"]
[SourceVersion "1"]
[SourceVersionDate "2020.05.31"]
[SourceQuality "1"]
[WhiteTeam "Cambridge"]
[BlackTeam "UCL"]
[WhiteTeamCountry "ENG"]
[BlackTeamCountry "ENG"]

1. e4 c5 2. Nf3 e6 3. d4 cxd4 4. Nxd4 Nc6 5. Be3 Nf6 6. Nc3 Qc7 7. Qd2 a6 8. 0-0-0 Be7 9. f4 d6 10. Be2 Nxd4 11. Bxd4 e5 12. Be3 b5 13. Nd5 Nxd5 14. exd5 exf4 15. Bxf4 Bf5 16. g4 Be4 17. Rhe1 0-0 18. Bd3 Bxd3 19. Qxd3 Rfe8 20. Kb1 Qd7 21. Qf3 Rac8 22. Bg3 Bf8 23. Rf1 Rc4 24. g5 Rce4 25. Rd3 g6 26. h4 Bg7 27. h5 gxh5 28. Qxh5 Re3 29. Qd1 Rxd3 30. Qxd3 Qe7 31. Qf5 Qc7 32. Rh1 Kf8 33. Qxh7 Qc5 34. Qf5 Kg8 35. g6 fxg6 36. Qxg6 Rc8 37. Qe6+ 1-0

[Event "Los Angeles Metropolitan op 1st"]
[Site "Los Angeles"]
[Date "2011.08.20"]
[Round "7"]
[White "Haessel, Dale R"]
[Black "Tayar, Jonathan"]
[Result "1/2-1/2"]
[WhiteElo "2211"]
[BlackElo "2335"]
[PlyCount "92"]
[EventDate "2011.08.17"]
[EventType "swiss"]
[EventRounds "9"]
[EventCountry "USA"]
[SourceTitle "CBM 144 Extra"]
[Source "ChessBase"]
[SourceDate "2011.10.28"]
[SourceVersion "1"]
[SourceVersionDate "2011.10.28"]
[SourceQuality "1"]

1. d4 Nf6 2. Nf3 g6 3. c4 Bg7 4. g3 0-0 5. Bg2 d6 6. Nc3 Nc6 7. 0-0 a6 8. Qd3 e5 9. dxe5 dxe5 10. Qxd8 Rxd8 11. Bg5 Re8 12. Nd2 Nd4 13. h3 h6 14. Bxf6 Bxf6 15. Rad1 c6 16. e3 Ne6 17. Nde4 Be7 18. Nd6 Rd8 19. Nxc8 Raxc8 20. Rxd8+ Rxd8 21. Rd1 Rxd1+ 22. Nxd1 Kf8 23. Kf1 Ke8 24. Ke2 Kd7 25. Kd3 f5 26. Nc3 a5 27. g4 e4+ 28. Kc2 Nc5 29. Bf1 Bh4 30. Nd1 Kd6 31. gxf5 gxf5 32. Be2 Ne6 33. f3 exf3 34. Bxf3 Ng5 35. Bg2 Ke5 36. Kd3 Bg3 37. Nc3 h5 38. Ne2 Bf2 39. Nd4 f4 40. Nf3+ Nxf3 41. Bxf3 Bxe3 42. Bxh5 Bc1 43. Kc2 Be3 44. Kd3 Bd4 45. b3 Bb2 46. Bg4 b6 1/2-1/2

[Event "Los Angeles Metropolitan op 1st"]
[Site "Los Angeles"]
[Date "2011.08.19"]
[Round "5"]
[White "Tayar, Jonathan"]
[Black "Molner, Mackenzie"]
[Result "0-1"]
[WhiteElo "2335"]
[BlackElo "2447"]
[PlyCount "118"]
[EventDate "2011.08.17"]
[EventType "swiss"]
[EventRounds "9"]
[EventCountry "USA"]
[SourceTitle "CBM 144 Extra"]
[Source "ChessBase"]
[SourceDate "2011.10.28"]
[SourceVersion "1"]
[SourceVersionDate "2011.10.28"]
[SourceQuality "1"]

1. e4 c5 2. Nf3 d6 3. d4 cxd4 4. Nxd4 Nf6 5. Nc3 a6 6. Bg5 Nbd7 7. Qe2 h6 8. Bh4 e6 9. 0-0-0 Be7 10. f4 Qc7 11. Bg3 Nc5 12. e5 dxe5 13. fxe5 Nh7 14. Ne4 Bd7 15. Nd6+ Bxd6 16. exd6 Qa5 17. Kb1 0-0 18. Be5 f6 19. Bg3 Ng5 20. Nb3 Nxb3 21. axb3 Rac8 22. Qh5 Qc5 23. Bd3 Bb5 24. Qe2 Bd7 25. Rd2 b5 26. h4 Nf7 27. Bg6 a5 28. Rhd1 a4 29. Bf2 Qc6 30. Bxf7+ Rxf7 31. Qf3 axb3 32. Qxb3 Rff8 33. g4 Ra8 34. Rd3 Ra4 35. Rd4 Rfa8 36. Rxa4 Rxa4 37. g5 Qa8 38. Kc1 Qg2 39. Qg3 Qxg3 40. Bxg3 hxg5 41. hxg5 Rg4 42. Rd3 Rxg5 43. Ra3 Kf7 44. Ra7 Rxg3 45. Rxd7+ Ke8 46. Rb7 Rg5 47. b3 Kd8 48. Re7 e5 49. Kd2 Rg4 50. Ke3 b4 51. Kf3 Rf4+ 52. Ke3 g5 53. Rf7 f5 54. Re7 Re4+ 55. Kd3 g4 56. Rf7 Rf4 57. Re7 g3 58. Ke2 e4 59. Rg7 Rg4 0-1

[Event "Los Angeles Metropolitan op 1st"]
[Site "Los Angeles"]
[Date "2011.08.18"]
[Round "3"]
[White "Tayar, Jonathan"]
[Black "Ramirez Alvarez, Alejandro"]
[Result "0-1"]
[WhiteElo "2335"]
[BlackElo "2592"]
[PlyCount "88"]
[EventDate "2011.08.17"]
[EventType "swiss"]
[EventRounds "9"]
[EventCountry "USA"]
[SourceTitle "CBM 144 Extra"]
[Source "ChessBase"]
[SourceDate "2011.10.28"]
[SourceVersion "1"]
[SourceVersionDate "2011.10.28"]
[SourceQuality "1"]

1. e4 c5 2. Nc3 e6 3. Nf3 a6 4. d4 cxd4 5. Nxd4 Qc7 6. Bd3 Nf6 7. 0-0 d6 8. a4 Be7 9. f4 Nbd7 10. Kh1 b6 11. Qe2 Bb7 12. Bd2 h5 13. Nf3 h4 14. Rae1 h3 15. g3 Nc5 16. b4 Nxd3 17. cxd3 d5 18. e5 d4 19. exf6 dxc3 20. fxg7 Rg8 21. Rc1 Bxb4 22. f5 Rxg7 23. fxe6 fxe6 24. Bf4 Qf7 25. Be5 Rg5 26. d4 Rf5 27. Bf4 Bd5 28. Kg1 Rxf4 29. gxf4 Qxf4 30. Qe5 Qg4+ 31. Qg3 Qxg3+ 32. hxg3 Rc8 33. Ne1 Bd6 34. Kh2 b5 35. axb5 axb5 36. Kxh3 b4 37. g4 b3 38. Nd3 c2 39. g5 Rc3 40. g6 Rxd3+ 41. Kh4 Rg3 42. Rg1 Rxg1 43. Rxg1 b2 44. g7 e5 0-1

[Event "CAN-ch playoff"]
[Site "Guelph"]
[Date "2009.08.16"]
[Round "2"]
[White "Tayar, Jonathan"]
[Black "Jiang, Louie"]
[Result "1-0"]
[WhiteElo "2342"]
[BlackElo "2250"]
[PlyCount "117"]
[EventDate "2009.08.16"]
[EventType "match (rapid)"]
[EventRounds "2"]
[EventCountry "CAN"]
[SourceTitle "CBM 131 Extra"]
[Source "ChessBase"]
[SourceDate "2009.09.03"]
[SourceVersion "2"]
[SourceVersionDate "2009.09.16"]
[SourceQuality "1"]

1. e4 c5 2. Nf3 a6 3. c4 Nc6 4. d4 cxd4 5. Nxd4 e5 6. Nc2 d6 7. Ne3 g6 8. Nc3 Bg7 9. Bd3 Nge7 10. Ned5 Nxd5 11. Nxd5 Be6 12. 0-0 0-0 13. Kh1 Nd4 14. f4 f5 15. exf5 Bxd5 16. cxd5 gxf5 17. Be3 Qh4 18. Bxd4 exd4 19. Rf3 Rae8 20. Qd2 Re7 21. Raf1 Qh5 22. Rg3 h6 23. Qb4 Rd8 24. Qb6 Rdd7 25. Qxd4 Kh8 26. Qf2 Qf7 27. Qf3 Rd8 28. Rh3 Rde8 29. b3 Re1 30. a4 a5 31. Bc4 Qf6 32. Qd3 Rxf1+ 33. Qxf1 Re4 34. Rd3 Qe7 35. Rd1 Re3 36. Bd3 Qf7 37. Bc2 Rc3 38. Qe2 Rc5 39. Qd3 Qc7 40. Bb1 Rc1 41. g3 Qc3 42. Rxc1 Qxc1+ 43. Kg2 Qe1 44. Qxf5 Qe2+ 45. Kh3 Kg8 46. Qc8+ Kf7 47. Qd7+ Kg8 48. Qe6+ Qxe6+ 49. dxe6 Bf6 50. Kg4 d5 51. h4 Bc3 52. Kh5 Kg7 53. g4 Bd2 54. f5 Kf6 55. g5+ hxg5 56. hxg5+ Ke7 57. Kg6 Bc1 58. Bd3 b6 59. Be2 1-0